000 00613cam a22002291 4500
001 ne 64000531
003 DLC
005 20260227111756.0
008 890111s1962 xx a 000 0 ara
010 _ane 64000531
035 _a(OCoLC)23523842
040 _aDLC
_cMiU
_dDLC
042 _apremarc
050 0 0 _aHJ191.A72
_bS2
100 1 _aSaʻīd, Jamāl al-Dīn Muḥammad.
245 1 0 _aIqtiṣādīyāt al-mālīyah al-ʻāmmah.
260 _c[1962]
300 _a5, 559 p.
_bdiagrs.
_c24 cm.
500 _aRomanized.
650 0 _aFinance, Public
700 2 _aʻAbd al-Malik, Minays Asʻad,
_d1915-
999 _c46755
_d46755